000 00689nam a2200241 a 4500
001 000010289
003 DO-SdBNP
005 20240412074216.0
007 ta
008 091006s2004 dr 000 f spa d
020 _z945100009
040 _aDO-SdBNP
_bspa
_cBNPHU
082 4 _aRD863.44
_bM433a
_222
100 1 _aMatos Moquete, Manuel,
_d1944-
_96349
245 1 4 _aLos amantes de abril /
_cManuel Matos Moquete.
260 _aSanto Domingo :
_bCocolo,
_c2004
300 _a148 p. ;
_c22 cm.
590 _aInventariado, 2019/VM
650 0 _aCuentos dominicanos
_9176
650 0 _aLiteratura dominicana.
_967
910 _aValidado. Control de calidad MMOLINA
942 _2ddc
_cLBS1
999 _c10048
_d10048